Sports Quiz

Random Sports Quiz

PPV Opponents of Bad News Brown Quiz Stats

Quiz not verified by Sporcle

Challenge
Share
Tweet
Embed
Score 0/16 Timer 10:00
0 Plays Today
PPV Opponents % Correct
WWF/E WrestleMania IV (Last Eliminated)Bret Hart
96.7%
WWF/E Royal Rumble 1990 (Eliminated By)Roddy Piper
93.9%
WWF/E WrestleMania VIRoddy Piper
93.9%
WWF/E Royal Rumble 1989 (Eliminated By)Hulk Hogan
89%
WW/E Survivor Series 1988 (with Danny Davis, Greg Valentine, Ron Bass, & Honky Tonk Man)The Ultimate Warrior
86.9%
WWF/E Survivor Series 1989 (with Big Boss Man, Rick Martel, & Honky Tonk Man)Tito Santana
85.7%
WWF/E SummerSlam 1990Jake Roberts
84.5%
WWF/E WrestleMania VJim Duggan
78.4%
PPV Opponents % Correct
Brutus Beefcake
75.1%
Brutus Beefcake
75.1%
Dusty Rhodes
73.5%
WWF/E SummerSlam 1988Ken Patera
64.5%
Red Rooster
62%
Sam Houston
51.8%
Jim Brunzell
49.4%
The Blue Blazer
49%

You're not logged in!

Compare scores with friends on all Sporcle quizzes.
Sign Up with Email
OR
Log In

You Might Also Like...

Show Comments

Extras

Top Quizzes Today


Score Distribution

Your Account Isn't Verified!

In order to create a playlist on Sporcle, you need to verify the email address you used during registration. Go to your Sporcle Settings to finish the process.

Report this User

Report this user for behavior that violates our Community Guidelines.

Details: